000 01644cam a2200133 4500500
005 20260329023236.0
041 _afre
042 _adc
100 1 0 _aFigeac, Michel
_eauthor
245 0 0 _aLes noblesses en France : Du XVIe au milieu du XIXe siècle
260 _bArmand Colin,
_c2013.
520 _aQu’est-ce que la noblesse en France ? Comment s’est-elle construite et comment, du XVIe siècle à la révolution de 1848, a-t-elle pu survivre aux guerres de Religion, à la Fronde, aux assauts de la monarchie, comme à l’épisode révolutionnaire ? Longtemps abandonnée aux généalogistes, aux spécialistes de l’héraldique et aux biographes mondains, cette catégorie sociale a connu récemment un regain d’intérêt dont rend compte cet ouvrage. Il montre dans toute sa diversité et sa spécificité un groupe aux contours souvent flous car, loin d’être une, la noblesse se révèle multiforme, très variée selon l’époque, les régions, les niveaux de richesse et les usages. En faisant le tableau détaillé de la noblesse française, l’auteur raconte également l’histoire de l’État, des évolutions économiques, de la culture matérielle et des courants de pensée sur plus de trois siècles. Ce temps long permet de montrer combien la noblesse française a, malgré de profondes mutations, conservé une image une – identité ? – qui a perduré à travers le temps et combien valeurs et modèles nobiliaires ont toujours imprégné profondément les mentalités des élites.
856 4 1 _uhttps://shs.cairn.info/les-noblesses-en-france--9782200246389?lang=fr&redirect-ssocas=7080
999 _c1925746
_d1925746